[Event "Euwe-DD 31/2-41/2"]
[Site "?"]
[Date "2005.10.15"]
[Round "2"]
[White "Van Egmond, Rogier"]
[Black "Witt, Rob"]
[Result "1-0"]
[WhiteElo "2211"]
[BlackElo "2223"]
[PlyCount "143"]
[EventDate "2005.??.??"]

{Vandaag medetitelkandidaat DD op bezoek. Ik had er veel zin in en ik kreeg de
gewenste tegenstander. De enige ook waar ik me op had voorbereid. Helaas werd
de wedstrijd een deceptie voor ons (31/2-41/2) en dat gold ook voor mijn
partij.} 1. c4 {Dit opent Rogier al vele jaren maar ik had me ook maar op 1.d4
voorbereid omdat hij dat vorig jaar tegen Gertjan deed. Gertjan vertelde een
week eerder dat het toen een Pirc geworden was. Pas vlak voor de wedstrijd
vertelde Gertjan dat het toch een Koningsindier met Pf3 en g3 was geweest.
Toen ik verbaasd reageerde dat ik Rogier nog nooit Pf3 had zien doen maar Pge2
of een enkele keer Ph3, moest Gertjan schoorvoetend erkennen dat het inderdaad
iets met Pge2 was geweest en daarna een keer h3 en Lxd4. Ik zou die partij
alsnog wel willen zien Gertjan!} Nf6 2. Nc3 g6 3. g3 Bg7 4. Bg2 d6 5. e4 O-O 6.
Nge2 {Deze "Botwinnikopstelling" had ik Rogier diverse keren zien spelen. Ik
had me vooraf afgevraagd wat kansrijker zou zijn, een opstelling met e5 of met
c5. Beide opstellingen worden door grootmeesters gespeeld. Toen ik KID-kenner
Peter Doggers om advies vroeg, zei hij dat het weliswaar ongevaarlijk was maar
dat er 11/2-18 tegen had. Het stond altijd gelijk, maar zodra hij aktief wilde
worden ging hij de mist in. Ik koos voor de opstelling met c5 omdat ik een
verbetering had gevonden in een partij Van Egmond-Sipke Ernst, Lost Boys 2002.}
c5 7. O-O Nc6 8. d3 {Zou het vorig jaar zo ook gestaan hebben bij Van Egmond -
Van der Hoeven?} Rb8 9. h3 ({Tegen Sipke Ernst speelde hij het zwakkere} 9. b3
Ne8 10. f4 {en nu zou m.i.} Bg4 {sterk zijn geweest.}) 9... Ne8 (9... a6 {
wordt vaker gespeeld.}) 10. Be3 Nd4 {Sommige zwartspelers doen Pc7 en laten
d3-d4 toe. Wit scoort daar echter heel goed tegen. Tijdverbruik: Wit 2' ;
zwart 15'.} 11. Bxd4 {A tempo gespeeld tot mijn verbijstering. Na afloop zei
hij dat hij dit bestudeerd had n.a.v. zijn partij tegen Ernst. Ik heb geen
enkele partij met dit idee gevonden en het lijkt me ook niet bijzonder goed.} (
{Gebruikelijk is} 11. Rb1) 11... cxd4 12. Nb5 Qb6 ({Ik heb geen andere zet
overwogen maar Juan suggereerde hier} 12... a6 13. Nbxd4 Qb6 {met als idee dat
ook hier de witte b-pion geruild wordt voor de zwarte d-pion maar dat wit geen
pion op a5 heeft.} 14. Nc2 ({Volgens mij bekeken we alleen} 14. Nb3 Bxb2 15.
Rb1 Bg7 16. d4 {wat me trouwens ook niet slecht voor wit lijkt.}) 14... Qxb2
15. Rb1 {en de dame kan nu niet op a2 slaan} Qf6 (15... Qxa2 16. Nb4 Qa5 17.
Nc6) 16. Qd2 {en ik heb een lichte voorkeur voor wit omdat hij druk heeft
langs de b-lijn en ik niet zoveel zwart tegenspel zie.}) 13. a4 a6 14. a5 Qc5
15. b4 Qxb4 16. Nbxd4 Bd7 {25'. Tot hier had Rogier alles a tempo gespeeld.
Kennelijk hield hier zijn voorbereiding op want hij dacht hier ruim 10' na.} ({
Fritz suggereert} 16... Qc5 17. Nb3 Qh5 ({Ik had alleen gekeken naar} 17... Qc7
{maar de dame staat hier mijn paard in de weg en eigenlijk zou ik mijn dame
hier liever op b4 hebben.}) 18. Nf4 Qxd1 19. Raxd1 Nc7 20. Rb1 {Fritz vindt
het hier ietsje beter voor zwart maar na} b5 21. axb6 Rxb6 22. Na5 Rxb1 23.
Rxb1 {denk ik dat eerder wit ietsje beter staat.}) 17. Ra2 {15'} Nc7 {30'} ({
Een van de alternatieven was} 17... b5 18. axb6 Qxb6 19. Nc2 Nc7 {en dat ziet
er eigenlijk wel goed uit. Ik weet niet meer waarom ik het verworpen heb.
Misschien wilde ik het zo spelen dat wit niet tot} 20. d4 {zou komen. Maar dit
witte centrum heeft geen kracht. Zwart moet goed staan met zijn sterke zwarte
loper.}) 18. Nc2 {30'} Qc5 19. Ne3 Bd4 $6 {35'} ({Ik had verder alleen gekeken
naar} 19... Ne6 20. Nd5 Rfe8 21. d4 $2 (21. Qd2 Nd4 22. Nxd4 Bxd4 {staat
ongeveer gelijk.}) 21... Qc8 $2 ({Niet gezien dat ik die eenvoudig kon slaan!} 
21... Nxd4 $17) 22. Nb6 $16) ({De beste zet was opnieuw} 19... b5 {maar om de
een of andere reden heb ik deze zet nooit serieus overwogen.}) 20. Nxd4 {
34'. Tot mijn verbazing en ergernis bood mijn tegenstander hier remise aan. De
wedstrijd was pas 1 uur en 10' oud, dus er was nog niks van te zeggen. Hoewel
ik wel wist dat ik zou weigeren, ging ik toch braaf op zoek naar teamleider
Sander, maar die was boodschappen doen. Vervolgens een minuut of tien aan de
bar gezeten om mijn ergernis te verdringen. Hoe kan iemand 16 zetten a tempo
doen en vier zetten later remise aanbieden. Die remise gun ik hem niet, was de
gedachte die overheerste. Vervolgens besloot ik weer naar het bord te gaan om
te checken of ik niet iets overzien had, en verder te spelen.} Qxd4 {50'.} 21.
Qa1 $1 {44'. Deze sterke zet was mij geheel ontgaan. Wit komt in het voordeel,
ik had dus het remiseaanbod moeten aannemen. Ik had alleen gekeken naar} (21.
Nd5 Nxd5 22. exd5 {waarna ik nog mijn keuze moest bepalen uit} e5 (22... Bf5 $6
23. g4 ({Sterker is} 23. Re2 $5 Qxd3 $2 24. g4 Qxd1 25. Rxd1 Bc8 26. Rxe7 b5)
23... Bd7 24. Qe2 e5 25. dxe6 fxe6 26. Qe3 $14) (22... b5 23. axb6 Rxb6 $11)
23. dxe6 fxe6 $11 {en hier sta ik in ieder geval niet slechter, zodat
doorspelen gerechtvaardigd leek.}) 21... Ne6 {56'} ({Zwart heeft ook problemen
na} 21... Qxa1 22. Rfxa1 e5 (22... b5 23. axb6 Rxb6 24. Nd5 Nxd5 25. exd5 Ra8
26. d4 Rb4 27. Bf1 Bc8 28. Ra4 $14) 23. Rb1 Bc6 24. Nd5 $14) 22. Nd5 {54'} Rfe8
23. Qxd4 Nxd4 24. Rb1 Bc6 25. Rab2 (25. Rb6 {is ook sterk.}) 25... Rbc8 {
Beiden een uur verbruikt.} 26. Nb4 Ba4 $2 {Ik was er inmiddels van doordrongen
dat ik maar remise moest toelaten. Als ik zijn volgende zet had voorzien zou
ik wellicht gekozen hebben voor} (26... e5 27. Nxc6 bxc6 28. Rb6 Ra8 {en ik
denk dat zwart het wel kan houden. De witte torens zijn aktiever maar het
paard is beter dan de loper.}) 27. e5 $1 {Over 54'.} dxe5 {Over 53'} 28. Bxb7
Rc5 29. Nxa6 {51'} Rxa5 30. Ra1 Rd8 $1 {49'} 31. c5 $1 {48' Als mijn
tegenstander mijn antwoord had gezien, had hij vast deze sterke zet niet
gespeeld.} ({Maar het alternatief} 31. Rb4 {levert te weinig op na} Rd7 32. Nb8
(32. Bc8 Rd8 $11) 32... Nc2 33. Rbxa4 Rxa4 34. Rxa4 Rxb7 35. Nc6 f6 {en het
witte voordeel lijkt me te gering voor winst.}) 31... Rb5 {44'. Rogier schrok
zichtbaar van deze zet. Zwart is uit de penning en het lijkt OK voor zwart.
Helaas heeft wit het stellingsgeluk dat hij toch nog wat heeft.} 32. Rb4 $1 {
45'. Helaas, hij vindt hem.} Rxb4 {41'.} 33. Nxb4 Rb8 $6 {Ik moet bekennen dat
ik hier dacht dat ik wel remise ging maken. Maar misschien is het wel de
verliezende zet. Dat hangt af van de beoordeling van het eindspel verderop
waar wit een kwaliteit wint.} ({Een zet die ik niet overwogen heb} 33... Bb5 {
biedt misschien nog remisekansen.} 34. c6 Ne6 35. Re1 Kf8 (35... f6 36. f4 $1)
36. Rxe5 Nc7 {en ik zie niet zo gauw hoe wit hier verder komt.}) 34. Rxa4 {39'}
Rxb7 35. c6 {37'} Rb8 36. c7 {24'} Rc8 37. Nd5 Nc6 {26'} ({Ik had gezien dat} 
37... Kf8 {verloor wegens} 38. Rc4 ({Ook winnend is} 38. Rb4 Nc6 {Ik dacht dat
dit nog remise maakte} (38... Ke8 {verliest na} 39. f4 e6 40. Rb8 Kd7 41. Nb6+
Kxc7 42. Rxc8+ Kxb6 43. fxe5 Nf3+ 44. Kf2 Nxe5 45. Ke3 $18) 39. Rb7 $1 $18 ({
Ik zag alleen} 39. Rc4 e6 $11)) 38... Ne6 {en zwart kan geen vin meer
verroeren. De toren en het paard kunnen niet spelen, de koning kan nooit naar
d7 wegens Pb6+. Wit kan rustig met zijn koning naar de damevleugel lopen.}) 38.
Rc4 {20'} e6 39. Nf6+ Kg7 40. Nd7 Rxc7 {21'} 41. Nb8 {Gemist.} (41. Nxe5 Nxe5
42. Rxc7 Nxd3 {en misschien kan zwart dit remise houden. Ik heb geen idee.})
41... Rb7 $4 {Dit verliest volkomen kansloos. Ik was zo in de bonen dat ik
niet zag dat ik hier een kwaliteit kon geven waarbij het maar de vraag is of
wit dit eindspel kan winnen.} (41... Nxb8 42. Rxc7 Na6 43. Rc4 Nb8) 42. Nxc6 {
De rest behoeft geen commentaar. Ik speelde alleen nog maar door omdat het een
teamwedstrijd is.} Rb5 43. g4 f5 44. g5 h6 45. h4 hxg5 46. hxg5 e4 47. dxe4
fxe4 48. Rxe4 Rxg5+ 49. Kf1 Kf6 50. Rf4+ Kg7 51. Nd8 Re5 52. Rf7+ Kh6 53. Re7
Rd5 54. Nxe6 g5 55. Kg2 Re5 56. Nd4 Ra5 57. Kg3 Ra4 58. Re6+ Kh5 59. Nf5 Ra3+
60. Re3 Ra4 61. Kh3 Rf4 62. Ng3+ Kg6 63. Re2 Rf6 64. Rb2 Kh6 65. Rc2 Kg6 66.
Rd2 Ra6 67. Rd4 Rf6 68. Ne4 Rf3+ 69. Kg4 Rf4+ 70. Kg3 Kh5 71. f3 Rf5 72. Rd5
1-0

[Event "Euwe Intern"]
[Site "?"]
[Date "2005.11.10"]
[Round "1.10"]
[White "Witt, Rob"]
[Black "ten Hacken, Jos"]
[Result "1-0"]
[WhiteElo "2247"]
[BlackElo "2027"]
[Annotator "Witt,Rob"]
[PlyCount "55"]

1. d4 d5 2. c4 e6 3. Nc3 c5 4. cxd5 exd5 5. Nf3 Nc6 6. g3 Nf6 7. Bg2 Be7 8. O-O
O-O 9. Bg5 c4 10. Ne5 Be6 11. e3 {Een rustige voortzetting die Khalifman
aanbeveelt in zijn "According to Kramnik" serie. Scherper maar niet
noodzakelijkerwijs beter zijn de alternatieven:} (11. f4 Ng4 $1 {en}) (11. b3
Qa5 {Met deze laatste variant probeerden Jos en ik na afloop tevergeefs de
partij Gel;fand-Grischuk te reconstrueren waarin de Duitser Blauert met een
verbetering kwam en een "bom" op d4 liet ontploffen. Volgens Arne was het toch
goed voor wit, maar hij wist ook niet meer precies hoe het ging.} 12. Qd2 $1 {
Gelfand noemt dit in zijn geweldige boek "My Most Memorable Games" een "strong
semi-novelty", dat het hele systeem met 9....c4 ter discussie stelt. Volgens
hem is zwart na deze zet in alle varianten gedoemd tot een passieveverdediging.
Dit harde oordeel is echter wel in strijd met onderstaande partij
Pedersen-Blauert die Gelfand ook noemt en waaruit hij de conclusie trekt, dat
de variant houdt! Ik ben benieuwd waar Arne op doelde toen hij zei dat de
variant toch goed voor wit is.} ({Gebruikelijker is} 12. Nxc6 bxc6 13. Na4)
12... Rad8 (12... Bb4 13. Bxf6 gxf6 14. Nxc6 bxc6 15. Rfc1 {en volgens Gelfand
heeft zwart geen compensatie voor zijn verzwakte koningsstelling.}) 13. bxc4 ({
Niks bijzonders is} 13. Nxc6 bxc6 14. bxc4 (14. Nxd5 $2 {faalt op} Rxd5) 14...
dxc4 15. Rfc1 (15. Bxc6 Bb4 16. Rfc1 Qb6 17. Bxf6 gxf6 18. Be4 Qxd4 $15) 15...
h6 16. Bxf6 Bxf6 17. e3 c5 18. d5 Bxc3 19. Rxc3 (19. Qxc3 Qxc3 20. Rxc3 Bxd5
21. Bxd5 Rxd5 {Cebalo-Blauert, Davos 2004 (64.1/2-1/2)}) 19... Bxd5 20. Bxd5
Rxd5 21. Qc2 $11 {Bijna hetzelfde eindspel als in Gelfand-Grischuk, alleen is
hier de zwarte koningsstelling intakt.}) 13... Nxd4 $1 {Dit is de bom.} (13...
Bb4 14. Nxc6 bxc6 15. Rfc1 dxc4 16. Bxf6 gxf6 17. e3 c5 18. d5 Bxc3 19. Rxc3
Bxd5 20. Bxd5 Rxd5 21. Qc2 $14 {Gelfand-Grischuk, Sochi 2004 (45.1-0)}) 14.
Nxd5 {Verstandig volgens Gelfand.} (14. Qxd4 dxc4 15. Qe3 Bc5 16. Qf3 Bd4)
14... Qxd2 15. Nxe7+ Kh8 16. Bxd2 Nxe2+ 17. Kh1 Rxd2 {Volgens Gelfand is het
hier eerder wit die gelijk moet zien te maken.} 18. f4 Re8 {1/2-1/2
Pedersen-Blauert, Gausdal 2004}) 11... Nd7 ({Beter dan} 11... Qa5 {wat Arne
twee weken eerder tegen mij speelde. Jos had die partij niet gezien! Jos
vertelde me overigens na afloop dat ik hem dit systeem een keer aangeraden had.
}) 12. Nxc6 ({Beter dan} 12. Bxe7 Nxe7 {zoals in Helgason-Moll vorig seizoen.})
12... bxc6 13. Bxe7 Qxe7 14. b3 ({Khalifman zelf speelde een keer} 14. Na4 Rab8
15. b3 Rfc8 (15... c5) (15... cxb3 16. axb3 Bf5) 16. bxc4 Qa3 17. Qc2 c5 18.
Nc3 $6 (18. cxd5 $5 cxd4 19. Qd1 $14) 18... cxd4 19. Nxd5 Rb2 20. Qe4 d3 21.
Qd4 Rc2 22. Nf4 R8xc4 23. Qxd3 Qxd3 24. Nxd3 g5 25. Rfc1 {1/2-1/2
Khalifman-Lputian, Sverdlovsk 1987}) 14... Qa3 {De erste nieuwe zet in de
partij waar Jos bijna een kwartier voor uitgetrokken had.} ({Gebruikelijk is} 
14... Nb6 15. bxc4 Nxc4 16. Qa4 {en hier heeft zwart diverse zetten gespeeld
zonder dat duidelijk is welke de beste is.}) 15. Na4 {Na 10' nadenken leek dit
me de beste. Kennelijk had Jos mijn antwoord niet verwacht, want hij besteedde
hier opnieuw een klein kwartiertje aan zijn volgende zet.} ({Het alternatief,
dat ook Daan Zult suggereerde} 15. Qc1 {is bij nader inzien waarschijnlijk
toch sterker. Ik had het verworpen wegens} Qxc1 (15... Qa6 16. bxc4 Qxc4 17.
Qc2 $14 {gevolgd door Tfc1(of b1) en Lf1.}) 16. Rfxc1 Nb6 {Wit staat echter
toch duidelijk beter na} 17. Bf1 $1) 15... Rab8 ({Ik had dit verwacht, maar
een interessant alternatief waar ik niet naar gekeken had is} 15... Bf5 $5 16.
bxc4 Bd3 {en Fritz geeft duidelijk de voorkeur aan wit na het volgende
verrassende kwaliteitsoffer} 17. Qb3 ({Ik denk dat ik gekozen zou hebben voor} 
17. Re1 Bxc4 18. Bh3 {met een klein plusje voor wit.}) 17... Qxb3 18. axb3 Bxf1
19. Kxf1 {en hoewel Fritz hier de witte stelling als +0,92 waardeert, geloof
ik er niet in na} Nb6 20. cxd5 Nxd5 21. Ke2 Rfb8 22. Nc5 a5 {Fritz zakt al
naar +0,73 en ook daar geloof ik niet in. Geef mij maar zwart.}) 16. bxc4 Rb4
17. cxd5 cxd5 18. Nc5 Nxc5 19. dxc5 {De laatste paar zetten gingen redelijk
vlot, maar hier begon Jos weer lang na te denken. Toen ik hem na afloop vroeg
wat hij overzien had, antwoordde hij: "Alles".} Rc8 $6 {Jos had het slaan op
d5 verkeerd beoordeeld.} (19... g6 {Na de partij dachten we even dat dit een
geniale verdediging was, omdat zwart na slaan op d5 een tempo wint t.o.v. de
partij.} 20. c6 $1 (20. Bxd5 Rd8 21. e4 Rxe4 22. Bxe4 Rxd1 23. Rfxd1 Qxc5 $11)
20... Rb5 21. Rc1 Qxa2 22. Qd4 Qa5 23. Rfd1 $16) (19... Rb5 20. c6 Rc8 21. e4
$1 Qa5 22. exd5 Bxd5 23. Re1 Bxg2 24. Qd7 Rf8 25. Kxg2 Rd5 26. Qe7 $16) (19...
Rc4 20. Bxd5 Bxd5 (20... Rd8 $2 21. Bxc4 Rxd1 22. Rfxd1 $18) 21. Qxd5 Rxc5 22.
Qd6 $16) 20. Bxd5 Rd8 {Wit nog ruim een uur; zwart 42'.} 21. e4 Rxe4 $2 {
28'. Deze afwikkeling is hopeloos voor zwart.} ({Het taaiste was} 21... Bxd5
22. exd5 ({Dit leek ons sterker dan mijn geplande} 22. c6 $1 Qa5 ({We hebben
echter niet gekeken naar} 22... Rxe4 23. c7 Ree8 24. cxd8=Q Rxd8 25. Re1 h6 {
en hier moet wit nog hard werken voor het punt.}) 23. exd5 Rxd5 {en hier zagen
we niks beslissends in de analyse, maar wit beschikt over het schitterende} 24.
Qe1 $3 {en het duurt even voordat het tot je doordringt dat zwart geen
bevredigende zet meer heeft. Als minst slecht geeft Fritz nog} Kf8 (24... g6
25. c7 Rc4 26. Qe8+ Kg7 27. c8=Q) 25. Rb1 Rxb1 26. Qxb1 Qb6 27. Qxh7 Qxc6 28.
Qh8+ Ke7 29. Qxg7 $18) 22... Rb5 23. c6 Qd6 24. Rc1 Rxd5 25. Qb3 Rc8 26. Rfe1
h6 27. c7 Qd7 28. Qb7 $18) 22. Bxe4 Rxd1 23. Rfxd1 f5 24. Bd5 Bxd5 25. Rxd5 f4
26. Rad1 Qxa2 $2 {fout in verloren stelling. Nu loopt de pion eenvoudig door.}
({Taaier was} 26... Qc3) 27. c6 Qc2 28. c7 1-0